| 000 | 01412nab a22002057a 4500 | ||
|---|---|---|---|
| 999 |
_c5792 _d5792 |
||
| 003 | OSt | ||
| 005 | 20260106194314.0 | ||
| 008 | 190514b xxu||||| |||| 00| 0 spa d | ||
| 040 | _cPJ | ||
| 100 |
_96700 _aMorquecho, Lara |
||
| 245 | 1 | 0 |
_aGestión del período probatorio con perspectiva de género / _cLara Morquecho. |
| 300 | _ap. 30-41 | ||
| 505 | _aSumario: I. Introducción.— II. El sistema de justicia en clave de género.— III. La gestión de la prueba con enfoque convencional.— IV. Algunas herramientas procesales para aplicar en la gestión probatoria con perspectiva de género.— V. La carga dinámica de la prueba.— VI. El principio de colaboración: indicios y buena fe procesal.— VII. La distinción entre institutos y la importancia de la carga dinámica en materia de género como casos complejos.— VIII. La perspectiva de género como pauta de interpretación de las mejores condiciones probatorias.— IX. Jurisprudencia sobre la aplicación de la carga dinámica de la prueba con perspectiva de género: ¿es suficiente?— X. Conclusiones. | ||
| 505 | _tSi te interesa el texto, comunicate a koha@justierradelfuego.gov.ar | ||
| 650 | 0 |
_9967 _aDERECHO DE FAMILIA |
|
| 650 | 0 |
_aPRUEBA _91975 |
|
| 650 | 0 |
_aPERSPECTIVA DE GÉNERO _94044 |
|
| 773 | 0 |
_02844 _93222 _dBuenos Aires : AbeledoPerrot, 1989- _tDerecho de familia. N° 116 - Septiembre 2024 _z18511201 |
|
| 942 |
_2udc _cANA |
||